00298nam a2200109Ia 4500008004100000041000800041082001200049100001700061245006200078260002900140300001900169241028s9999 xx 000 0 und d aeng a823 MUR aMurty, Sudha aThe Old Man and His God : Discovering the Spirit of India bPenguinaNew Dehlic2006 a131;. P. 20 cm